[Event "Sao Paulo zt"]
[Site "Sao Paulo"]
[Date "1998.??.??"]
[Round "6"]
[White "Vescovi, Giovanni P"]
[Black "Urday Caceres, Henry"]
[Result "1/2-1/2"]
[WhiteElo "2525"]
[BlackElo "2475"]
[PlyCount "79"]
[EventDate "1998.09.??"]
[EventType "swiss"]
[EventRounds "9"]
[EventCountry "BRA"]
[SourceTitle "EXT 1999"]
[Source "ChessBase"]
[SourceDate "1998.11.16"]
[SourceVersion "1"]
[SourceVersionDate "1998.11.16"]
[SourceQuality "1"]

1. d4 Nf6 2. c4 e6 3. Nf3 Bb4+ 4. Nbd2 0-0 5. a3 Be7 6. e4 d5 7. Qc2 c5 8. dxc5 dxe4 9. Nxe4 Nxe4 10. Qxe4 Bxc5 11. b4 f5 12. Qc2 Be7 13. Bb2 Bf6 14. Be2 a5 15. 0-0 axb4 16. axb4 Rxa1 17. Rxa1 Na6 18. Qb3 Bxb2 19. Qxb2 Qf6 20. Rb1 Rd8 21. c5 Nc7 22. Qe5 Nd5 23. Qxf6 gxf6 24. Rd1 Re8 25. Bb5 Rf8 26. Rd4 Kf7 27. Nh4 Nc7 28. Bc4 Ke7 29. Rd1 Rd8 30. Rxd8 Kxd8 31. Kf1 Bd7 32. Ke2 Ke7 33. Kd3 Bc6 34. Kd4 Kd7 35. h3 Ke7 36. f4 Kd7 37. Nf3 Bxf3 38. gxf3 Kc6 39. h4 h6 40. h5 1/2-1/2

[Event "Itau Mercosul Cup 1st"]
[Site "Sao Paulo"]
[Date "1997.10.25"]
[Round "8"]
[White "Rodriguez Vila, Andres"]
[Black "Urday Caceres, Henry"]
[Result "0-1"]
[WhiteElo "2495"]
[BlackElo "2445"]
[PlyCount "114"]
[EventDate "1997.10.19"]
[EventType "swiss"]
[EventRounds "9"]
[EventCountry "BRA"]
[SourceTitle "CBM 060 Extra"]
[Source "ChessBase"]
[SourceDate "1997.11.04"]
[SourceVersion "1"]
[SourceVersionDate "1997.11.04"]
[SourceQuality "1"]

1. e4 c5 2. Nf3 e6 3. d4 cxd4 4. Nxd4 a6 5. Nc3 Qc7 6. g3 Bb4 7. Nde2 Be7 8. Bg2 Nf6 9. 0-0 Nc6 10. a4 d6 11. h3 Rb8 12. g4 b5 13. g5 Nd7 14. axb5 axb5 15. Ng3 0-0 16. f4 Re8 17. Kh1 Bf8 18. Be3 b4 19. Nce2 Bb7 20. Qe1 Nc5 21. Nh5 Ne7 22. Neg3 Ng6 23. Kh2 d5 24. e5 Nd7 25. Rf2 Bc5 26. Rd1 Qb6 27. Bxc5 Qxc5 28. Qd2 Rec8 29. Qd4 Ba6 30. Qxc5 Nxc5 31. b3 Bb5 32. Rd4 Na6 33. Bf3 Rc3 34. Bd1 Rbc8 35. Rfd2 Ne7 36. f5 Nc6 37. Rh4 Nxe5 38. Kg2 Nc6 39. Be2 Bxe2 40. Nxe2 Re3 41. Nhf4 Nc5 42. f6 g6 43. Rg4 Ra8 44. Nc1 Ne5 45. Nxd5 exd5 46. Rxb4 Ne6 47. Rxd5 Nxg5 48. Kf2 Rf3+ 49. Kg2 Rf5 50. Rbb5 Re8 51. Nd3 Nxd3 52. cxd3 Re2+ 53. Kg3 Rf3+ 54. Kh4 h6 55. Rb8+ Kh7 56. Rdd8 Rxh3+ 57. Kg4 Rg2+ 0-1

[Event "Itau Mercosul Cup 1st"]
[Site "Sao Paulo"]
[Date "1997.10.22"]
[Round "4"]
[White "Urday Caceres, Henry"]
[Black "Borges, Leomar Barbero"]
[Result "1/2-1/2"]
[WhiteElo "2445"]
[BlackElo "2255"]
[PlyCount "50"]
[EventDate "1997.10.19"]
[EventType "swiss"]
[EventRounds "9"]
[EventCountry "BRA"]
[SourceTitle "CBM 060 Extra"]
[Source "ChessBase"]
[SourceDate "1997.11.04"]
[SourceVersion "1"]
[SourceVersionDate "1997.11.04"]
[SourceQuality "1"]

1. d4 Nf6 2. Nf3 e6 3. e3 b6 4. Bd3 Bb7 5. 0-0 Be7 6. b3 0-0 7. c4 c5 8. Bb2 Nc6 9. Nc3 cxd4 10. exd4 d5 11. Rc1 Rc8 12. Re1 dxc4 13. bxc4 Nb4 14. Bf1 Re8 15. a3 Na6 16. Ne5 Bf8 17. Qd2 Nc5 18. Rcd1 Nce4 19. Nxe4 Nxe4 20. Qf4 f6 21. Nf3 Bd6 22. Qe3 Qc7 23. Bd3 Bf4 24. Qe2 f5 25. h3 Qe7 1/2-1/2